Quiz o Flagach Brytyjskich Terytoriach Zamorskich - Statystyki

Ogólne statystyki
  • Ten quiz został rozwiązany 7 razy
  • Średni wynik to 50 z 80
Statystyki odpowiedzi
Zagadnienie Komórka Select % Poprawnych
Zaznacz te które mają flagę Union Jack w lewym górnym rogu Akrotiti i Dhekelia Nie
100%
Zaznacz te które mają flagę Union Jack w lewym górnym rogu Brytyjskie Terytorium Antarktyczne Tak
100%
Zaznacz te które mają flagę Union Jack w lewym górnym rogu Brytyjskie Terytorium Oceanu Indyjskiego Tak
100%
Zaznacz te które mają flagę Union Jack w lewym górnym rogu Falklandy Tak
100%
Zaznacz te które mają flagę Union Jack w lewym górnym rogu Gibraltar Nie
100%
Zaznacz te które mają jednolite granatowe tło i flagę Union Jack w lewym górnym rogu Akrotiti i Dhekelia Nie
75%
Zaznacz te które mają flagę Union Jack w lewym górnym rogu ale mają czerwone tło Akrotiti i Dhekelia Nie
75%
Zaznacz te które mają flagę Union Jack w lewym górnym rogu Anguilla Tak
75%
Zaznacz te które mają flagę Union Jack w lewym górnym rogu ale mają czerwone tło Anguilla Nie
75%
Zaznacz te które mają flagę Union Jack w lewym górnym rogu Bermudy Tak
75%
Zaznacz te które mają flagę Union Jack w lewym górnym rogu ale mają czerwone tło Bermudy Tak
75%
Zaznacz flagę która nie ma Union Jack Bermudy Nie
75%
Zaznacz te które mają jednolite granatowe tło i flagę Union Jack w lewym górnym rogu Brytyjskie Terytorium Antarktyczne Nie
75%
Zaznacz flagę która nie ma Union Jack Brytyjskie Terytorium Antarktyczne Nie
75%
Zaznacz te które mają jednolite granatowe tło i flagę Union Jack w lewym górnym rogu Brytyjskie Terytorium Oceanu Indyjskiego Nie
75%
Zaznacz flagę która nie ma Union Jack Brytyjskie Terytorium Oceanu Indyjskiego Nie
75%
Zaznacz te które mają jednolite granatowe tło i flagę Union Jack w lewym górnym rogu Falklandy Tak
75%
Zaznacz te które mają flagę Union Jack w lewym górnym rogu ale mają czerwone tło Falklandy Nie
75%
Zaznacz flagę która nie ma Union Jack Falklandy Nie
75%
Zaznacz te które mają flagę Union Jack w lewym górnym rogu Georgia Południowa i Sandwich Południowy Tak
75%
Zaznacz te które mają jednolite granatowe tło i flagę Union Jack w lewym górnym rogu Georgia Południowa i Sandwich Południowy Tak
75%
Zaznacz te które mają flagę Union Jack w lewym górnym rogu ale mają czerwone tło Georgia Południowa i Sandwich Południowy Nie
75%
Zaznacz flagę która nie ma Union Jack Georgia Południowa i Sandwich Południowy Nie
75%
Zaznacz te które mają jednolite granatowe tło i flagę Union Jack w lewym górnym rogu Gibraltar Nie
75%
Zaznacz te które mają flagę Union Jack w lewym górnym rogu ale mają czerwone tło Gibraltar Nie
75%
Zaznacz flagę która nie ma Union Jack Gibraltar Tak
75%
Zaznacz te które mają flagę Union Jack w lewym górnym rogu ale mają czerwone tło Kajmany Nie
75%
Zaznacz te które mają flagę Union Jack w lewym górnym rogu Montserrat Tak
75%
Zaznacz te które mają flagę Union Jack w lewym górnym rogu ale mają czerwone tło Montserrat Nie
75%
Zaznacz te które mają flagę Union Jack w lewym górnym rogu Pitcairn Tak
75%
Zaznacz te które mają flagę Union Jack w lewym górnym rogu ale mają czerwone tło Pitcairn Nie
75%
Zaznacz te które mają flagę Union Jack w lewym górnym rogu ale mają czerwone tło Tristan da Cunha Nie
75%
Zaznacz te które mają flagę Union Jack w lewym górnym rogu Turks i Caicos Tak
75%
Zaznacz te które mają flagę Union Jack w lewym górnym rogu ale mają czerwone tło Turks i Caicos Nie
75%
Zaznacz te które mają flagę Union Jack w lewym górnym rogu ale mają czerwone tło Wyspa Świętej Heleny Nie
75%
Zaznacz flagę która nie ma Union Jack Wyspa Świętej Heleny Nie
75%
Zaznacz te które mają flagę Union Jack w lewym górnym rogu ale mają czerwone tło Wyspa Wniebowstąpienia Nie
75%
Zaznacz flagę która nie ma Union Jack Wyspa Wniebowstąpienia Nie
75%
Zaznacz te które mają flagę Union Jack w lewym górnym rogu Wyspy Dziewicze Tak
75%
Zaznacz te które mają jednolite granatowe tło i flagę Union Jack w lewym górnym rogu Wyspy Dziewicze Tak
75%
Zaznacz te które mają flagę Union Jack w lewym górnym rogu ale mają czerwone tło Wyspy Dziewicze Nie
75%
Zaznacz flagę która nie ma Union Jack Wyspy Dziewicze Nie
75%
Zaznacz te których flaga jest taka sama jak Wielkiej Brytanii Akrotiti i Dhekelia Tak
50%
Zaznacz flagę która nie ma Union Jack Akrotiti i Dhekelia Nie
50%
Zaznacz te które mają jednolite granatowe tło i flagę Union Jack w lewym górnym rogu Anguilla Tak
50%
Zaznacz te których flaga jest taka sama jak Wielkiej Brytanii Anguilla Nie
50%
Zaznacz flagę która nie ma Union Jack Anguilla Nie
50%
Zaznacz te które mają jednolite granatowe tło i flagę Union Jack w lewym górnym rogu Bermudy Nie
50%
Zaznacz te których flaga jest taka sama jak Wielkiej Brytanii Bermudy Nie
50%
Zaznacz te które mają flagę Union Jack w lewym górnym rogu ale mają czerwone tło Brytyjskie Terytorium Antarktyczne Nie
50%
Zaznacz te których flaga jest taka sama jak Wielkiej Brytanii Brytyjskie Terytorium Antarktyczne Nie
50%
Zaznacz te które mają flagę Union Jack w lewym górnym rogu ale mają czerwone tło Brytyjskie Terytorium Oceanu Indyjskiego Nie
50%
Zaznacz te których flaga jest taka sama jak Wielkiej Brytanii Brytyjskie Terytorium Oceanu Indyjskiego Nie
50%
Zaznacz te których flaga jest taka sama jak Wielkiej Brytanii Falklandy Nie
50%
Zaznacz te których flaga jest taka sama jak Wielkiej Brytanii Georgia Południowa i Sandwich Południowy Nie
50%
Zaznacz te których flaga jest taka sama jak Wielkiej Brytanii Gibraltar Nie
50%
Zaznacz te które mają flagę Union Jack w lewym górnym rogu Kajmany Tak
50%
Zaznacz te które mają jednolite granatowe tło i flagę Union Jack w lewym górnym rogu Kajmany Tak
50%
Zaznacz te których flaga jest taka sama jak Wielkiej Brytanii Kajmany Nie
50%
Zaznacz flagę która nie ma Union Jack Kajmany Nie
50%
Zaznacz te które mają jednolite granatowe tło i flagę Union Jack w lewym górnym rogu Montserrat Tak
50%
Zaznacz te których flaga jest taka sama jak Wielkiej Brytanii Montserrat Nie
50%
Zaznacz flagę która nie ma Union Jack Montserrat Nie
50%
Zaznacz te które mają jednolite granatowe tło i flagę Union Jack w lewym górnym rogu Pitcairn Tak
50%
Zaznacz te których flaga jest taka sama jak Wielkiej Brytanii Pitcairn Nie
50%
Zaznacz flagę która nie ma Union Jack Pitcairn Nie
50%
Zaznacz te które mają flagę Union Jack w lewym górnym rogu Tristan da Cunha Nie
50%
Zaznacz te które mają jednolite granatowe tło i flagę Union Jack w lewym górnym rogu Tristan da Cunha Nie
50%
Zaznacz flagę która nie ma Union Jack Tristan da Cunha Nie
50%
Zaznacz te które mają jednolite granatowe tło i flagę Union Jack w lewym górnym rogu Turks i Caicos Tak
50%
Zaznacz te których flaga jest taka sama jak Wielkiej Brytanii Turks i Caicos Nie
50%
Zaznacz flagę która nie ma Union Jack Turks i Caicos Nie
50%
Zaznacz te których flaga jest taka sama jak Wielkiej Brytanii Wyspy Dziewicze Nie
50%
Zaznacz te których flaga jest taka sama jak Wielkiej Brytanii Tristan da Cunha Tak
25%
Zaznacz te które mają flagę Union Jack w lewym górnym rogu Wyspa Świętej Heleny Nie
25%
Zaznacz te które mają jednolite granatowe tło i flagę Union Jack w lewym górnym rogu Wyspa Świętej Heleny Nie
25%
Zaznacz te których flaga jest taka sama jak Wielkiej Brytanii Wyspa Świętej Heleny Tak
25%
Zaznacz te które mają flagę Union Jack w lewym górnym rogu Wyspa Wniebowstąpienia Nie
25%
Zaznacz te które mają jednolite granatowe tło i flagę Union Jack w lewym górnym rogu Wyspa Wniebowstąpienia Nie
25%
Zaznacz te których flaga jest taka sama jak Wielkiej Brytanii Wyspa Wniebowstąpienia Tak
25%
Nie znaleziono quizów pasujących do podanych kryteriów
Rozkład punktacji
Procent ludzi z każdym wynikiem
Percentyl według liczby udzielonych odpowiedzi
Twoja historia wyników
Nie rozwiązałeś tego quizu